000 00865nas a2200277 i 4500
001 2513
003 ES-MaACL
005 20250807062542.0
007 t|
008 950801c1943 ag | | 1 ||pa d
022 _a9929-1851
080 _a82
245 0 0 _aAnuario de clínica médica /
_cpublicado bajo la dirección de los doctores George F. Dick, [...] ; versión española por el doctor Rubén Darío.
250 _a1ª ed. castellana.
260 _aBuenos Aires :
_bLibrería Panamericana,
_c1943-
300 _a1 v. :
_bil. ;
_c24 cm.
310 _aAnual
362 1 _a1943.
580 _aVersión española de: Year book of general medicine.
650 1 7 _aMedicina
_2embne
_914891
700 1 _aDick, George F.
_944485
700 1 _aDarío, Rubén,
_d1891-1970
_9138175
852 _aES-MaACL
_jE-4550
866 0 _o1943.
999 _c2513
_d2513